Statistics for 25 greatest NFL players

Click here to take the quiz!

General Stats

  • This quiz has been taken 21 times
  • The average score is 14 of 25

Answer Stats

HintAnswer% Correct
WR1Jerry Rice
95%
QB6Joe Montana
90%
QB2Tom Brady
90%
FB4Jim Brown
80%
RB9Barry Sanders
75%
CB15Deion Sanders
75%
QB17John Elway
75%
LB3Lawrence Taylor
75%
QB8Peyton Manning
75%
DE24Bruce Smith
70%
QB19Dan Marino
70%
RB18Emmitt Smith
70%
DE7Reggie White
65%
RB5Walter Payton
60%
WR22Randy Moss
55%
DT10Joe Greene
50%
LB21Ray Lewis
50%
OT13Anthony Munoz
45%
DE14Deacon Jones
35%
LB11Dick Butkus
35%
QB16Otto Graham
35%
FS12Ronnie Lott
35%
RB20Gale Sayers
15%
QB23Brett Farve
0%
CB25Dick Lane
0%

Score Distribution

Percentile by Number Answered

Percent of People with Each Score

Your Score History

You have not taken this quiz